=LDR 00000nam 2200000 4500 =001 INLIS000000000013552 =005 20130612104928 =008 ***********************************Ind** =035 ##$$0010-061300000013552 =041 ##$$a Ind =082 ##$$a 685.31 =090 ##$$a 685.31, Lat m =100 ##$$a Latief, Abdul =245 ##$$a Membuat sandal dan sepatu santri untuk wirausaha, Abdul latief, Ir.Diah Iswari =260 ##$$a 2004 $b Jakarta =300 ##$$a 68 hlm, Ilus, 21 cm =650 ##$$a Sepatu dan industri sepatu =700 ##$$a Iswari, Diah =850 ##$$a NBPNMAT